000 01274nam a2200361 c 4500
001 a5164185
003 CO-MdFUSB
005 20180622170020.0
008 120207t2011 sp | |||| 000 0 spa
017 _aBI 2721-2011
_bOficina Depósito Legal Vizcaya
020 _a9788429319590
040 _aSpMaBN
_bspa
_erdc
_cCO-MdFUSB
_dCO-MdFUSB
041 1 _aspa
_hita
080 _a215
082 _224
_aG 261.55
_bR238f
100 0 _aBenedicto
_eautor
240 1 0 _aFede e scienza
245 1 0 _aFe y ciencia
_b: un diálogo necesario
_c/ Joseph Ratzinger (Benedicto XVI) ; editado por Umberto Casale ; [traducción, José Manuel Lozano-Gotor Perona, José Pérez Escobar, Ramón Alfonso Díez Aragón]
264 1 _aMaliaño, Cantabria:
_bSal Terrae,
_c℗[2011]
264 4 _c©2011
300 _a222 páginas :
_c21 cm
_b:
336 _a1
_2isbdcontent
_ba1
337 _a2
_2isbdmedia
_b5
338 _2rdacarrier
_a2
_b5
490 0 _aPresencia teológica
504 _aPrimera parte: Fe, razón y ciencia -- Segunda parte: Fe y ciencia al servicio de la verdad
650 7 _aReligión y ciencia
710 2 _aIglesia Católica
_bPapa (2005-2013: Benedicto XVI)
942 _cBK
956 _a2
999 _c63885
_d63885